000 01436nam0a22002651 4500
001 v19\rc\1834433
005 20250619141352.0
035 _a(NLR Aleph) 004929324
090 _a5662473
_c5662473
100 _a20071224d1908 |||y0rusy50 ca
101 0 _arus
102 _aRU
105 _ay z |||||
200 1 _aДоклад Комиссии по вопросу о преимуществах оставления организации подачи ветеринарной помощи населению в ведении Губернского земства или же о желательности передачи этого дела в ведение уездных земств, принятый в заседании 12 сентября XVI Съездом костромских губернских земских ветеринарных врачей
210 _a[Кострома
_d1908]
215 _a36 с.
_d24
309 _aБез тит. л. и обл.
710 0 2 _aКостромская губ. земская комиссия по вопросу о подаче ветеринарной помощи населению
712 1 2 _aКостромской губ. съезд земских ветеринарных врачей
_d16
_f1908
801 0 _aRU
_bNLR
_gpsbo
801 0 _aRU
_bRuMoRGB
_2psbo
801 1 _aRU
_bProSoft-M
_2rusmarc
852 _aNLR
_bЗем
_j17/93-16(2)
942 _cBOOK
980 _aNB